Tennis - Tous les Gagnants d'un titre ATP en 2023 - Statistiques

Statistiques générales
  • Ce quiz a été pris 400 fois
  • Le résultat moyen est 54 sur 66
Statistiques - réponses
Tournois Type de quiz Surface Nationalité Vainqueurs % Correct
Adélaïde ATP 250 Dur Serbie Novak Djokovic
100%
Open d'Australie Grand Chelem Dur Serbie Novak Djokovic
100%
Roland-Garros Grand Chelem Terre Battue Serbie Novak Djokovic
100%
Cincinnati Masters 1000 Dur Serbie Novak Djokovic
100%
US Open Grand Chelem Dur Serbie Novak Djokovic
100%
Paris Masters 1000 Dur Serbie Novak Djokovic
100%
Turin ATP Finals Dur Serbie Novak Djokovic
100%
Buenos Aires ATP 250 Terre Battue Espagne Carlos Alcaraz
99%
Indian Wells Masters 1000 Dur Espagne Carlos Alcaraz
99%
Barcelone ATP 500 Terre Battue Espagne Carlos Alcaraz
99%
Madrid Masters 1000 Terre Battue Espagne Carlos Alcaraz
99%
Queen's ATP 500 Gazon Espagne Carlos Alcaraz
99%
Wimbledon Grand Chelem Gazon Espagne Carlos Alcaraz
99%
Rotterdam ATP 500 Dur Russie Daniil Medvedev
97%
Doha ATP 250 Dur Russie Daniil Medvedev
97%
Dubaï ATP 500 Dur Russie Daniil Medvedev
97%
Miami Masters 1000 Dur Russie Daniil Medvedev
97%
Rome Masters 1000 Terre Battue Russie Daniil Medvedev
97%
Montpellier ATP 250 Dur Italie Jannik Sinner
96%
Montreal Masters 1000 Dur Italie Jannik Sinner
96%
Pékin ATP 500 Dur Italie Jannik Sinner
96%
Vienne ATP 500 Dur Italie Jannik Sinner
96%
Hambourg ATP 500 Terre Battue Allemagne Alexander Zverev
92%
Chengdu ATP 250 Dur Allemagne Alexander Zverev
92%
Lyon ATP 250 Terre Battue France Arthur Fils
91%
Estoril ATP 250 Terre Battue Norvège Casper Ruud
91%
Stockholm ATP 250 Dur France Gaël Monfils
90%
Munich ATP 250 Terre Battue Danemark Holger Rune
89%
Monte Carlo Masters 1000 Terre Battue Russie Andrey Rublev
88%
Bastad ATP 250 Terre Battue Russie Andrey Rublev
88%
Metz ATP 250 Dur France Ugo Humbert
88%
Acapulco ATP 500 Dur Australie Alex De Minaur
86%
Los Cabos ATP 250 Dur Grèce Stefanos Tsitsipas
86%
Halle ATP 500 Gazon Kazakhstan Alexander Bublik
84%
Anvers ATP 250 Dur Kazakhstan Alexander Bublik
84%
Marseille ATP 250 Dur Pologne Hubert Hurkacz
84%
Shanghai Masters 1000 Dur Pologne Hubert Hurkacz
84%
Delray Beach ATP 250 Dur États-Unis Taylor Fritz
83%
Atlanta ATP 250 Dur États-Unis Taylor Fritz
83%
Houston ATP 250 Terre Battue États-Unis Frances Tiafoe
82%
Stuttgart ATP 250 Gazon États-Unis Frances Tiafoe
82%
Tokyo ATP 500 Dur États-Unis Ben Shelton
78%
Newport ATP 250 Gazon France Adrian Mannarino
77%
Almaty ATP 250 Dur France Adrian Mannarino
77%
Sofia ATP 250 Dur France Adrian Mannarino
77%
Bâle ATP 500 Dur Canada Félix Auger-Aliassime
77%
Rio de Janeiro ATP 500 Terre Battue Royaume-Uni Cameron Norrie
76%
Pune ATP 250 Dur Pays-Bas Tallon Griekspoor
76%
Rosmalen ATP 250 Gazon Pays-Bas Tallon Griekspoor
76%
Santiago ATP 250 Terre Battue Chili Nicolas Jarry
75%
Genève ATP 250 Terre Battue Chili Nicolas Jarry
75%
Cordoba ATP 250 Terre Battue Argentine Sebastian Baez
74%
Kitzbuhel ATP 250 Terre Battue Argentine Sebastian Baez
74%
Winston-Salem ATP 250 Dur Argentine Sebastian Baez
74%
Auckland ATP 250 Dur France Richard Gasquet
73%
Eastbourne ATP 250 Gazon Argentine Francisco Cerundolo
71%
Zhuhai ATP 250 Dur Russie Karen Khachanov
69%
Adélaïde 2 ATP 250 Dur Espagne Roberto Bautista-Agut
56%
Washington ATP 500 Dur Royaume-Uni Daniel Evans
54%
Umag ATP 250 Terre Battue Australie Alexei Popyrin
52%
Srpska ATP 250 Terre Battue Serbie Dusan Lajovic
50%
Jeddah Next Gen ATP Finals Dur Serbie Hamad Medjedovic
46%
Majorque ATP 250 Gazon États-Unis Christopher Eubanks
45%
Marrakech ATP 250 Terre Battue Espagne Roberto Carballes Baena
41%
Dallas ATP 250 Dur Chine Wu Yibing
35%
Gstaad ATP 250 Terre Battue Argentine Pedro Cachin
17%
Aucun quiz correspondant
Distribution des résultats
% des personnes avec chaque résultat
Percentile par nombre de réponses
Votre historique - résultats
Vous n’avez pas pris ce quiz